| 000 | 01125nam0a22002891 4500 | ||
|---|---|---|---|
| 001 | RU\NLR\A1SV\35893 | ||
| 005 | 20251203171251.9 | ||
| 035 | _a(NLR Aleph) 009718388 | ||
| 090 |
_a9863861 _c9863861 |
||
| 100 | _a19810206d1921 u y0rusy50 ca | ||
| 101 | 0 | _arus | |
| 102 | _aRU | ||
| 200 | 1 |
_aО некоторых формах т. наз. "ранней контрактуры" гемиплегиков _e(Из Клиники нерв. болезней Харьк. жен. мед. ин-та) _f[Соч.] проф. Бакин. ун-та С.Н.Давиденкова |
|
| 210 |
_a[Баку] _cАзцентроп. _d1921 |
||
| 215 |
_a102 с., 1 л. табл. _d21 см |
||
| 225 |
_aАнналы Клиники нерв. и душев. болезней Бакин. ун-та _vВып.2 |
||
| 320 | _aБиблиогр.: с.101-102 | ||
| 620 | _dБаку | ||
| 700 | 1 |
_aДавиденков _bС. Н. _f1880-1961 _gСергей Николаевич _4070 |
|
| 801 | 0 |
_aRU _bNLR _c19810206 |
|
| 852 |
_aNLR _jП 16/141 |
||
| 899 | _aРГБ | ||
| 899 | _aНБ ТГУ | ||
| 942 | _cBOOK | ||
| 980 | _aNB | ||
| 980 | _aA1SV | ||